000
00433nam a2200169Ia 4500
008
220531s9999 xx 000 0 und d
041
_a
mar
100
_a
कुलकर्णी विजय
_9
36552
245
_a
स्थरबुध्दीयोग
250
_a
1ST
260
_b
Dasbodh
_c
1999
300
_a
272
542
_d
31-03-2000
650
_a
Marathi
_9
36553
906
_d
1999-2000
999
_c
22308
_d
22308